Pokémon 9G - Statistiques

Statistiques générales
  • Ce quiz a été pris 2 527 fois
    1 662 depuis la dernière actualisation
  • Le résultat moyen est 67 sur 120
Statistiques - réponses
Numéro Pokémon Type(s) % Correct
906 Poussacha Plante
93%
908 Miascarade Plante/Ténèbres
91%
909 Chochodile Feu
88%
911 Flâmigator Feu/Spectre
86%
1007 Koraidon Combat/Dragon
85%
1008 Miraidon Electrik/Dragon
85%
914 Palmaval Eau/Combat
84%
912 Coiffeton Eau
81%
921 Pohm Electrik
80%
923 Pohmarmotte Electrik/Combat
79%
922 Pohmotte Electrik/Combat
74%
1006 Garde-de-Fer Combat/Fée
73%
928 Olivini Plante/Normal
71%
910 Crocogril Feu
70%
985 Hurle-Queue Fée/Psy
69%
1004 Yuyu Ténèbres/Feu
69%
987 Flotte-Mèche Spectre/Fée
68%
991 Hotte-de-Fer Glace/Eau
68%
937 Malvalame Feu/Spectre
68%
913 Canarbello Eau
67%
959 Forgelina Fée/Acier
67%
920 Gambex Insecte/Ténèbres
67%
998 Glaivodo Dragon/Glace
67%
907 Matourgeon Plante
67%
992 Paume-de-Fer Combat/Electrik
67%
994 Mite-de-Fer Feu/Poison
66%
990 Roue-de-Fer Sol/Acier
66%
977 Oyacata Eau
65%
966 Vrombotor Acier/Poison
65%
930 Arboliva Plante/Normal
64%
984 Fort-Ivoire Sol/Combat
64%
1005 Rugit-Lune Dragon/Ténèbres
63%
1024 Terapagos Normal
63%
1000 Gromago Spectre/Acier
62%
978 Nigirigon Dragon/Eau
62%
917 Tissenboule Insecte
62%
927 Briochien Fée
61%
915 Gourmelet Normal
61%
962 Lestombaile Vol/Ténèbres
61%
945 Tag-Tag Poison/Normal
61%
1010 Vert-de-Fer Plante/Psy
61%
1002 Baojian Ténèbres/Glace
60%
1025 Pêchaminus Poison/Spectre
60%
965 Vrombi Acier/Poison
60%
936 Carmadura Feu/Psy
59%
935 Charbambin Feu
59%
916 Fragroin Normal
59%
934 Gigansel Roche
59%
926 Pâtachiot Fée
59%
1021 Ire-Foudre Electrik/Dragon
58%
999 Mordudor Spectre
58%
1017 Ogerpon Plante
58%
940 Zapétrel Electrik/Vol
58%
983 Scalpereur Ténèbres/Acier
57%
1009 Serpente-Eau Eau/Dragon
57%
1003 Dinglu Ténèbres/Sol
56%
995 Épine-de-Fer Roche/Electrik
56%
967 Motorizard Dragon/Normal
56%
948 Terracool Plante/Sol
55%
949 Terracruel Plante/Sol
55%
980 Terraiste Poison/Sol
55%
1023 Chef-de-Fer Acier/Psy
54%
956 Cléopsytra Psy
54%
968 Ferdeter Acier
53%
986 Fongus-Furie Plante/Ténèbres
53%
952 Scovilain Plante/Feu
53%
932 Selutin Roche
53%
963 Dofin Eau
52%
989 Pelage-Sablé Electrik/Sol
52%
964 Superdofin Eau
52%
979 Courrousinge Combat/Spectre
51%
950 Craparoi Roche
51%
951 Pimito Plante
51%
1022 Roc-de-Fer Roche/Psy
51%
993 Têtes-de-Fer Ténèbres/Vol
51%
939 Ampibidou Electrik
50%
918 Filentrappe Insecte
50%
957 Forgerette Fée/Acier
50%
941 Fulgulairo Electrik/Vol
50%
1018 Pondralugon Acier/Dragon
50%
975 Balbalèze Glace
49%
996 Frigodo Dragon/Glace
49%
953 Léboulérou Insecte
49%
988 Rampe-Ailes Insecte/Combat
49%
961 Triopikeau Eau
49%
970 Floréclat Roche/Poison
48%
971 Toutombe Spectre
48%
933 Amassel Roche
47%
1020 Feu-Perçant Feu/Dragon
47%
1019 Pomdorochi Plante/Dragon
47%
972 Tomberro Spectre
47%
960 Taupikeau Eau
46%
976 Délestin Eau/Psy
45%
925 Famignol Normal
45%
919 Lilliterelle Insecte
45%
973 Flamenroule Vol/Combat
44%
958 Forgella Fée/Acier
44%
1011 Pomdramour Plante/Dragon
44%
938 Têtampoule Electrik
44%
1001 Chongjian Ténèbres/Plante
43%
924 Compagnol Normal
43%
943 Dogrino Ténèbres
43%
929 Olivado Plante/Normal
43%
946 Virovent Plante/Spectre
43%
981 Farigiraf Normal/Psy
42%
954 Bérasca Insecte/Psy
41%
982 Deusolourdo Normal
40%
1014 Félicanis Poison/Combat
40%
942 Grondogue Ténèbres
40%
997 Cryodo Dragon/Glace
39%
969 Germéclat Roche/Poison
39%
944 Gribouraigne Poison/Normal
38%
955 Flotillon Psy
37%
947 Virevorreur Plante/Spectre
37%
931 Tapatoès Normal/Vol
36%
1016 Favianos Poison/Fée
35%
974 Piétacé Glace
35%
1015 Fortusimia Poison/Psy
34%
1013 Théffroyable Plante/Spectre
30%
1012 Poltchageist Plante/Spectre
26%
Aucun quiz correspondant
Distribution des résultats
% des personnes avec chaque résultat
Percentile par nombre de réponses
Votre historique - résultats
Vous n’avez pas pris ce quiz depuis la dernière actualisation